| 000 | 00568cam a22002411 4500 | ||
|---|---|---|---|
| 001 | sa 68009908 | ||
| 003 | DLC | ||
| 005 | 20260227112548.0 | ||
| 008 | 950207m19649999ii 000 1 tamo | ||
| 010 | _asa 68009908 | ||
| 025 | _aPL480:I-T-2360 | ||
| 035 | _a(OCoLC)31950821 | ||
| 040 |
_aDLC _cCU _dCU _dDLC |
||
| 042 | _apremarc | ||
| 050 | 0 | 0 |
_aPL4758.8 _b.S9 |
| 100 | 1 | _aSvāmināthan, J. | |
| 245 | 1 | 0 | _aAmutak katampam. |
| 260 | _c[1964- | ||
| 300 |
_av. _c22 cm. |
||
| 490 | 0 |
_aAmutam ; _v229 |
|
| 500 | _aIn Tamil. | ||
| 650 | 0 | _aShort stories, Tamil. | |
| 999 |
_c83236 _d83236 |
||